| 000 | 00785nam a22002177a 4500 | ||
|---|---|---|---|
| 999 |
_c3468 _d3468 |
||
| 003 | AR-CdUCM | ||
| 008 | 190306b ||||| |||| 00| 0 espa d | ||
| 040 |
_aMUNICIPALIDAD PROVINCIAL DEL CUSCO _cBIBLIOTECA MUNICIPAL DEL CUSCO |
||
| 082 |
_a336.34 / _bT73 |
||
| 100 |
_aTorres, Victor _911414 |
||
| 245 | _a¿Qué es la deuda externa? / | ||
| 260 |
_aLima : _bHorizonte, _c1992. |
||
| 300 |
_a127 páginas ; _bgráficos ; _c21 cm. |
||
| 505 | _aContenido: Deuda externa: radiográfia de un problema -- El peso de la deuda externa -- Crisis internacional de la deuda y políticas de ajuste. | ||
| 650 |
_aPolítica exterior _94556 |
||
| 650 |
_aDeuda externa _93267 |
||
| 700 |
_aSamanamud, Carlos _911415 |
||
| 700 |
_aSilva, Fernando _911416 |
||
| 942 |
_2ddc _cLIBROS |
||
| 945 | _azta | ||